Vybrané otázky svetovej ekonomiky v prognostickom kontexte

Enregistré dans:
Détails bibliographiques
Format: Livre
Langue:slovaque
Publié: Bratislava Ekon. ústav SAV 1989
Édition:1. vyd.
Tags: Ajouter un tag
Pas de tags, Soyez le premier à ajouter un tag!

MARC

LEADER 00000nam a2200000 4500
001 c040693
005 20260121071748.4
041 0 |a slo 
044 |a SK 
245 1 0 |a Vybrané otázky svetovej ekonomiky v prognostickom kontexte 
250 |a 1. vyd. 
264 1 |a Bratislava  |b Ekon. ústav SAV  |c 1989 
300 |a 85 s.